Most Streamed Hip-Hop/Rap Albums - Statistics

General Stats
  • This quiz has been taken 45 times
  • The average score is 29 of 35
Answer Stats
Album Streams Artist % Correct
The Eminem Show 9.5B Eminem
97%
The Marshall Mathers LP 5.9B Eminem
97%
Recovery 5.7B Eminem
97%
Views 12.0B Drake
95%
Scorpion 11.7B Drake
95%
More Life 8.7B Drake
95%
Take Care 7.0B Drake
95%
Certified Lover Boy 7.0B Drake
95%
Damn 10.7B Kendrick Lamar
95%
Good Kid, M.A.A.D. City 7.3B Kendrick Lamar
95%
Black Panther 6.2B Kendrick Lamar
95%
Graduation 8.6B Kanye West
92%
The Life Of Pablo 5.9B Kanye West
92%
My Beautiful Dark Twisted Fantasy 5.5B Kanye West
92%
Astroworld 11.4B Travis Scott
92%
Utopia 6.9B Travis Scott
92%
Birds In The Trap Sing McKnight 6.6B Travis Scott
92%
2014 Forest Hills Drive 7.3B J. Cole
89%
Get Rich Or Die Tryin' 6.7B 50 Cent
87%
Goodbye & Good Riddance 11.2B Juice Wrld
82%
Legends Never Die 7.9B Juice Wrld
82%
Death Race For Love 7.0B Juice Wrld
82%
? 12.8B XXXTentacion
82%
17 10.4B XXXTentacion
82%
Hollywood's Bleeding 15.2B Post Malone
79%
Beerbongs & Bentleys 13.1B Post Malone
79%
Stoney 10.1B Post Malone
79%
Flower Boy 5.3B Tyler the Creator
79%
Luv Is Rage 2 7.4B Lil Uzi Vert
76%
Heroes & Villains 7.5B Metro Boomin
74%
2001 6.1B Dr. Dre
68%
Invasion of Privacy 5.2B Cardi B
53%
The Heist 6.1B Macklemore & Ryan Lewis
39%
Shoot For The Stars, Aim For The Moon 9.1B Pop Smoke
37%
F*ck Love 8.6B The Kid Laroi
21%
No matching quizzes found
Score Distribution
Percent of People with Each Score
Percentile by Number Answered
Your Score History
You have not taken this quiz